Statistics for we can't be friends (wait for your love) - Ariana Grande (lyrics)

Click here to take the quiz!

General Stats

  • This quiz has been taken 98 times
  • The average score is 258 of 276

Answer Stats

Answer% Correct
a
100%
and
100%
And
100%
can't
100%
for
100%
I
100%
Just
100%
just
100%
Love,
100%
love
100%
me,
100%
Me
100%
me
100%
papers
100%
pens
100%
pretend
100%
Wait
100%
wait
100%
We
100%
we
100%
You
100%
you
100%
your
100%
again
98%
be
98%
But
98%
but
98%
friends
98%
I'll
97%
like
97%
don't
95%
I'd
95%
this
95%
to
95%
until
94%
think
92%
understand
92%
wanna
92%
alright
90%
die
90%
how
90%
How
90%
let
90%
tiptoe,
90%
didn't
89%
even
89%
in
89%
My
89%
my
89%
story
89%
try?
89%
could
87%
ever
87%
look
87%
monstrous
87%
silence
87%
Baby
86%
cling
86%
girl,
86%
good
86%
hide
86%
it's
86%
It's
86%
rather
86%
sit
86%
truth,
86%
you'd
86%
at
84%
fire
83%
least
83%
argue,
81%
feed
81%
tongue,
79%
misunderstood,
78%
that
78%
feel
76%
got
76%
made
76%
so
76%
So
76%
'Cause
75%
yeah,
73%
all
71%
Know
71%
still
71%
paint
70%
bite
68%
I'm
67%
maybe
67%
now,
67%
daydream
65%
night
65%
the
65%
here
63%
need
63%
hanging
60%
only
60%
something
60%
yet
60%
that's
59%
seen
54%
what
52%
Not
46%

Score Distribution

Percentile by Number Answered

Percent of People with Each Score

Your Score History

You have not taken this quiz